000 00357nam a22001457a 4500
999 _c57827
_d57827
005 20201224140119.0
008 201224c2020 enk||||| |||| 00| 0 eng d
041 _aeng
245 _aThe Economist /
_b2020.
300 _aV.
653 _aThe Economist
653 _aპეროიდიკა
653 _aეკონომიკა
942 _2udc
_cBK